Supportive care : (Record no. 1328)

MARC details
000 -LEADER
fixed length control field 00934cam a2200289 i 4500
005 - DATE AND TIME OF LATEST TRANSACTION
control field 20260322212056.0
008 - FIXED-LENGTH DATA ELEMENTS--GENERAL INFORMATION
fixed length control field data
010 ## - LIBRARY OF CONGRESS CONTROL NUMBER
LC control number 73091772 //r892
020 ## - INTERNATIONAL STANDARD BOOK NUMBER
International Standard Book Number 0877870063
020 ## - INTERNATIONAL STANDARD BOOK NUMBER
International Standard Book Number 9780877870067
040 ## - CATALOGING SOURCE
Original cataloging agency DLC
Transcribing agency DLC
Modifying agency YUS
049 ## - LOCAL HOLDINGS (OCLC)
Holding library YU31
050 0# - LIBRARY OF CONGRESS CALL NUMBER
Classification number RC480.5
Item number .M38 1975
096 ## - LOCALLY ASSIGNED NLM-TYPE CALL NUMBER (OCLC)
Classification number WM 420 M522s 1975
001 - CONTROL NUMBER
control field data
100 1# - MAIN ENTRY--PERSONAL NAME
Personal name Mendel, Werner M.
Fuller form of name (Werner Max),
Dates associated with a name 1927-
245 10 - TITLE STATEMENT
Title Supportive care :
Remainder of title theory and technique /
Statement of responsibility, etc. Werner M. Mendel.
250 ## - EDITION STATEMENT
Edition statement [2d ed.]
260 ## - PUBLICATION, DISTRIBUTION, ETC.
Place of publication, distribution, etc. Los Angeles :
Name of publisher, distributor, etc. Mara Books,
Date of publication, distribution, etc. [1975]
300 ## - PHYSICAL DESCRIPTION
Extent 252 p. ;
Dimensions 24 cm.
500 ## - GENERAL NOTE
General note First ed. published in 1967 under title: The therapeutic management of psychological illness.
500 ## - GENERAL NOTE
General note Includes index.
504 ## - BIBLIOGRAPHY, ETC. NOTE
Bibliography, etc. note Bibliography: p. 228-237.
590 ## - LOCAL NOTE (RLIN)
Local note Includes index.
650 #0 - SUBJECT ADDED ENTRY--TOPICAL TERM
Topical term or geographic name entry element Supportive psychotherapy.
700 1# - ADDED ENTRY--PERSONAL NAME
Personal name Mendel, Werner M.
Fuller form of name (Werner Max),
Dates associated with a name 1927-
Title of a work Therapeutic management of psychological illness.
Holdings
Withdrawn status Lost status Damaged status Not for loan Home library Current library Shelving location Date acquired Total checkouts Full call number Barcode Date last seen Price effective from Koha item type
        Franklin Franklin General stacks 22/03/2026   RC480.5 .M38 1975 BC0011371 22/03/2026 22/03/2026 Books